Die flächenmäßig größten Orte in Deutschland - Statistiken

Allgemein
  • Dieses Quiz wurde 82 mal gespielt
  • Das Durchschnittsergebnis liegt bei 5 aus 15
Antwortstatistiken
Landkreis, Bundesland Fläche in Quadratkilometern Stadt oder Gemeinde % Korrekt
kreisfrei, Stadtstaat 891,12 Berlin
97%
kreisfrei, Stadtstaat 755,09 Hamburg
97%
kreisfrei, Nordrhein-Westfalen 405,01 Köln
75%
kreisfrei, Sachsen 328,48 Dresden
67%
Altmarkkreis Salzwedel, Sachsen-Anhalt 632,55 Gardelegen
22%
Uckermark, Brandenburg 360,73 Schwedt/Oder
17%
Region Hannover, Niedersachsen 358,96 Neustadt am Rübenberge
15%
Anhalt-Bitterfeld, Sachsen-Anhalt 468,03 Zerbst/Anhalt
15%
Uckermark, Brandenburg 379,57 Templin
14%
Wittenberg, Sachsen-Anhalt 352,12 Jessen (Elster)
13%
Ostprignitz-Ruppin, Brandenburg 420,23 Wittstock/Dosse
13%
Cuxhaven, Niedersachsen 356,56 Geestland
11%
Jerichower Land, Sachsen-Anhalt 523,95 Möckern
10%
Teltow-Fläming, Brandenburg 341,31 Nuthe-Urstromtal
8%
Heidekreis, Niedersachsen 334,80 Walsrode
7%
Keine übereinstimmenden Quizze gefunden
Verteilung der Resultate
Anzahl Personen mit jedem Resultat
Perzentil nach korrekt beantworteten Fragen
Ihre Resultats-Entwicklung
Sie haben dieses Quiz noch nicht gespielt